Zvyšovanie výkonnosti podniku zavádzaním inovácií diplomová práca

Salvato in:
Dettagli Bibliografici
Autore principale: Karšňáková, Albína
Ente Autore: Podnikovohospodárska fakulta EU so sídlom v Košiciach. Katedra finančného riadenia podniku
Altri autori: Kicová, Marianna
Natura: Libro
Lingua:slovacco
Pubblicazione: Košice 2017
Tags: Aggiungi Tag
Nessun Tag, puoi essere il primo ad aggiungerne!!

MARC

LEADER 00000nbm a2200000 4500
001 0231564
005 20171121100657.5
041 0 |a slo 
044 |a SK 
245 1 0 |a Zvyšovanie výkonnosti podniku zavádzaním inovácií  |b diplomová práca  |c Albína Karšňáková ; školiteľ: Marianna Kicová 
264 1 |a Košice  |c 2017 
300 |a 68 s. 
100 1 |a Karšňáková, Albína 
700 1 |a Kicová, Marianna 
710 2 |a Podnikovohospodárska fakulta EU so sídlom v Košiciach. Katedra finančného riadenia podniku